|
|
|
|
| LEADER |
01128nam a2200241 a 4500 |
| 001 |
GR-MES11080 |
| 008 |
061115s nyu b 001 0 gre d |
| 020 |
|
|
|a 0471065080
|
| 040 |
|
|
|a GrPaTEI
|b gre
|c GR-PaULI
|
| 040 |
|
|
|a GrPaTEI
|b gre
|c GR-PaULI
|
| 100 |
1 |
|
|a Gerardi, Michael H.
|
| 245 |
1 |
0 |
|a Nitrification and denitrification in the activated sludge process /
|c Michael H. Gerardi.
|
| 260 |
|
|
|a New York :
|b Wiley Interscience,
|c c2002
|
| 300 |
|
|
|a xii , 193σ. :
|b εικ. ;
|c 24εκ.
|
| 490 |
0 |
|
|a Wastewater microbiology series. Environmental protection magazine series
|
| 504 |
|
|
|a Περιλαμβάνει βιβλιογραφικές παραπομπές (σ. 175-177) και ευρετήριο
|
| 650 |
|
0 |
|a Nitrification
|
| 650 |
|
0 |
|a Sewage
|x Purification
|x Activated sludge process
|
| 650 |
|
0 |
|a Sewage
|x Purification
|x Nitrogen removal
|
| 942 |
|
|
|2 ddc
|
| 952 |
|
|
|0 0
|1 0
|2 ddc
|4 0
|6 363_728000000000000_4_GER
|7 0
|9 270260
|a MSLG
|b MSLG
|c BSC
|d 2021-01-17
|e 24
|f 0
|g 0.00
|l 0
|o 363.728 4 GER
|p 2420000019587
|r 2021-01-17 00:00:00
|t 1
|w 2021-01-17
|y BK15
|x 20061115 0 1
|x GrPaTEI
|
| 971 |
|
|
|a .b25771279
|b 15-04-20
|c 13-09-16
|
| 999 |
|
|
|c 156075
|d 156075
|